000 00488nam a2200157Ia 4500
008 160316s1996 xxu||||| |||| 00| 0 eng d
082 _a346.066000
_bEAS
100 _aEasterbrook Frank H
245 _aThe economic structure of corporate law
250 _a
260 _aCambridge
_bHarvard University Press
_c1996
300 _a370p
_b
_c
365 _b Gratis
650 _a1. Corporation Law - Economic Aspects - -U S A 2. Managerial Economics - U S A
700 _aFischel Daniel R
_a
999 _c23020
_d23020